Introductory banking: (Record no. 11238)

MARC details
000 -LEADER
fixed length control field 00715 a2200205 4500
010 ## - LIBRARY OF CONGRESS CONTROL NUMBER
LC control number ENG-89726
020 ## - INTERNATIONAL STANDARD BOOK NUMBER
International Standard Book Number 8180546306
Terms of availability 150.00
035 ## - SYSTEM CONTROL NUMBER
System control number EN-73259
037 ## - SOURCE OF ACQUISITION
Source of stock number/acquisition DBAD / PUB
082 14 - DEWEY DECIMAL CLASSIFICATION NUMBER
Classification number 332.1
090 ## - LOCALLY ASSIGNED LC-TYPE CALL NUMBER (OCLC); LOCAL CALL NUMBER (OCLC)
-- 11554
-- 11554
100 1# - MAIN ENTRY--PERSONAL NAME
Personal name Sundharam, K.P.M.
245 1# - TITLE STATEMENT
Title Introductory banking:
Statement of responsibility, etc by K.P.M. Sundharam [and] P.N. Varshney
Remainder of title theory, law and practice/
260 ## - PUBLICATION, DISTRIBUTION, ETC. (IMPRINT)
Place of publication, distribution, etc New Delhi
Name of publisher, distributor, etc Sultan Chand
Date of publication, distribution, etc 2008
270 ## - ADDRESS
Address 23, Daryaganj
City New Delhi
Postal code 110 002
Telephone number 23243183, 23247051
Fax number 011-23266357
300 ## - PHYSICAL DESCRIPTION
Extent x, 340, viiip.
Dimensions 24 cm (Pbk.)
700 1# - ADDED ENTRY--PERSONAL NAME
Personal name Varshney, P.N.
942 ## - ADDED ENTRY ELEMENTS (KOHA)
Institution code [OBSOLETE] dpl
Koha item type English Books
Call number prefix 332.1 / SUN
Holdings
Withdrawn status Lost status Source of classification or shelving scheme Damaged status Not for loan Collection code Home library Current library Source of acquisition Cost, normal purchase price Total Checkouts Full call number Barcode Date last seen Copy number Uniform Resource Identifier Cost, replacement price Price effective from Koha item type
    Dewey Decimal Classification   Not For Loan Non-fiction D.B.Act.Division D.B.Act.Division DBAD/PUB 150.00   332.1 SUN EN-73259 15/09/2008 1 12347 150.00 15/09/2008 English Books

© Delhi Public Library
Hit Counter
free hit counter